000
00175nam a2200073Ia 4500
008
170523s9999 xx 000 0 und d
100
_a
RASTOGI SANDHYA
245
0
_a
GENEROL ECONOMICS
260
_a
MEERUT: ANAND
999
_c
10875
_d
10875